[Event "Dortmund Sparkassen op-B"]
[Site "Dortmund"]
[Date "2015.07.04"]
[Round "8"]
[White "Humpert, Stefan"]
[Black "Baltic, Fatih"]
[Result "0-1"]
[WhiteElo "1739"]
[BlackElo "1875"]
[PlyCount "42"]
[EventDate "2015.06.27"]
[EventType "swiss"]
[EventRounds "9"]
[EventCountry "GER"]
[SourceTitle "CBM 167 Extra"]
[Source "ChessBase"]
[SourceDate "2015.09.14"]
[SourceVersion "1"]
[SourceVersionDate "2015.09.14"]
[SourceQuality "1"]

1. d4 Nf6 2. Nf3 c5 3. d5 b5 4. Bg5 Qb6 5. Nbd2 Nxd5 6. Nc4 Qe6 7. Ne3 Nb6 8. Bf4 Bb7 9. g3 Nc6 10. h4 Nd4 11. Bg2 Nxf3+ 12. exf3 Nd5 13. Bh3 Nxe3 14. Bxe3 Qd5 15. Bxc5 Qxd1+ 16. Rxd1 d6 17. Ke2 dxc5 18. Rd7 Bc6 19. Rc7 Bd5 20. Rxc5 e6 21. Rc3 b4 0-1

[Event "Dortmund Sparkassen op-B"]
[Site "Dortmund"]
[Date "2015.06.27"]
[Round "1"]
[White "Humpert, Stefan"]
[Black "Kracht, Raphael"]
[Result "1/2-1/2"]
[WhiteElo "1739"]
[BlackElo "1539"]
[PlyCount "72"]
[EventDate "2015.06.27"]
[EventType "swiss"]
[EventRounds "9"]
[EventCountry "GER"]
[SourceTitle "CBM 167 Extra"]
[Source "ChessBase"]
[SourceDate "2015.09.14"]
[SourceVersion "1"]
[SourceVersionDate "2015.09.14"]
[SourceQuality "1"]

1. d4 Nf6 2. Nf3 g6 3. c4 Bg7 4. Nc3 0-0 5. e4 d6 6. Be2 e5 7. 0-0 Nc6 8. Bg5 h6 9. d5 Ne7 10. Be3 Ne8 11. Qd2 Kh7 12. Ne1 f5 13. f4 exf4 14. Bxf4 g5 15. Be3 f4 16. Bd4 Ng6 17. Bxg7 Kxg7 18. Nf3 Qf6 19. Rae1 g4 20. Nd4 Qe5 21. Nf5+ Bxf5 22. exf5 Qxf5 23. Bd3 Qf6 24. Bxg6 Qxg6 25. Re6 Rf6 26. Rxf6 Nxf6 27. Rxf4 Rf8 28. Qd4 Qg5 29. g3 Kg8 30. Nb5 Rf7 31. Nxa7 h5 32. Nb5 Ne8 33. Qe4 Ng7 34. Qe3 Rxf4 35. gxf4 Qf5 36. Qc1 Qe4 1/2-1/2

[Event "Dortmund Sparkassen op-B"]
[Site "Dortmund"]
[Date "2014.07.18"]
[Round "7"]
[White "Bos, Michael"]
[Black "Humpert, Stefan"]
[Result "1-0"]
[WhiteElo "1633"]
[BlackElo "1746"]
[PlyCount "99"]
[EventDate "2014.07.12"]
[EventType "swiss"]
[EventRounds "9"]
[EventCountry "GER"]
[SourceTitle "EXT 2022"]
[Source "ChessBase"]
[SourceDate "2021.10.06"]
[SourceVersion "1"]
[SourceVersionDate "2021.10.06"]
[SourceQuality "1"]

1. d4 Nf6 2. c4 e6 3. Nc3 d5 4. cxd5 exd5 5. Bg5 Be7 6. e3 c6 7. Bd3 Be6 8. Qc2 Nbd7 9. Nge2 g6 10. 0-0 h6 11. Bxf6 Nxf6 12. f3 Qd7 13. Rad1 g5 14. e4 g4 15. e5 gxf3 16. Nf4 fxg2 17. Nxe6 gxf1Q+ 18. Rxf1 Rg8+ 19. Kh1 Ng4 20. Rg1 Nf2+ 21. Qxf2 Rxg1+ 22. Kxg1 fxe6 23. Bg6+ Kd8 24. h4 Kc7 25. h5 Rf8 26. Qg3 Bg5 27. Na4 b6 28. Qa3 Qe7 29. Nc5 Be3+ 30. Qxe3 bxc5 31. Qxh6 cxd4 32. Qd2 Qc5 33. Bd3 Rb8 34. a3 Kb6 35. h6 Qe7 36. Qf4 Rg8+ 37. Kh2 Qg5 38. Qxg5 Rxg5 39. h7 Rh5+ 40. Kg3 c5 41. Bg6 Rh6 42. Kg4 Kc7 43. Kg5 Rh2 44. Bh5 Rxb2 45. h8Q c4 46. Qe8 c3 47. Qxe6 c2 48. Qd6+ Kb7 49. Qxd5+ Kb6 50. Qxd4+ 1-0

[Event "Dortmund Sparkassen op-B"]
[Site "Dortmund"]
[Date "2014.07.16"]
[Round "5"]
[White "Humpert, Stefan"]
[Black "Herrmann, Christoph"]
[Result "1-0"]
[WhiteElo "1746"]
[BlackElo "1935"]
[PlyCount "77"]
[EventDate "2014.07.12"]
[EventType "swiss"]
[EventRounds "9"]
[EventCountry "GER"]
[SourceTitle "EXT 2022"]
[Source "ChessBase"]
[SourceDate "2021.10.06"]
[SourceVersion "1"]
[SourceVersionDate "2021.10.06"]
[SourceQuality "1"]

1. e4 c5 2. Nf3 d6 3. d4 cxd4 4. Nxd4 Nf6 5. Nc3 a6 6. Be2 e6 7. 0-0 Be7 8. Be3 0-0 9. f4 Qc7 10. Bf3 Bd7 11. Qe2 Nc6 12. Nb3 Rac8 13. Rad1 b5 14. a3 b4 15. axb4 Nxb4 16. Rd2 Bc6 17. Rfd1 Rfd8 18. Qf2 Rd7 19. Bb6 Qb8 20. Na5 Ba8 21. Be3 Bd8 22. Nb3 Bc6 23. Kh1 Bc7 24. Nd4 Bb7 25. Nde2 Qa8 26. Ng3 Rdd8 27. Bb6 d5 28. Bxc7 Rxc7 29. Qb6 Rc4 30. Be2 Nd7 31. Qf2 Rc5 32. exd5 Nxd5 33. Nce4 Rc7 34. c4 N5f6 35. Nxf6+ gxf6 36. Nh5 Kf8 37. Nxf6 Ke7 38. Nxh7 f6 39. Nxf6 1-0